Global Organized Crime <The> New Empire of Evil
Uložené v:
| Ďalší autori: | , |
|---|---|
| Médium: | Kniha |
| Jazyk: | English |
| Vydavateľské údaje: |
Washington
The Center for Strategic and International Studies
1994
|
| Vydanie: | 1. ed. |
| Predmet: | |
| Tagy: |
Žiadne tagy, Buďte prvý, kto otaguje tento záznam!
|
MARC
| LEADER | 00000nam a2200000 4500 | ||
|---|---|---|---|
| 001 | c020080 | ||
| 005 | 20221214074333.4 | ||
| 020 | |a 0-89206-312-2 | ||
| 041 | 0 | |a eng | |
| 044 | |a US | ||
| 245 | 1 | 0 | |a Global Organized Crime |b <The> New Empire of Evil |c Edit. Linnea P. Raine, Frank J. Cilluffo |
| 250 | |a 1. ed. | ||
| 264 | 1 | |a Washington |b The Center for Strategic and International Studies |c 1994 | |
| 300 | |a 185 s. | ||
| 610 | 2 | 0 | |a kriminalita |
| 610 | 2 | 0 | |a prevencia |
| 610 | 2 | 0 | |a bezpečnosť |
| 610 | 2 | 0 | |a polícia |
| 610 | 2 | 0 | |a orgány bezpečnostné |
| 700 | 1 | |a Raine, Linnea P. | |
| 700 | 1 | |a Cilluffo, Frank J. | |